000 00657nam a2200205 i 4500
001 149817
003 ES-MaACL
005 20240524063003.0
007 t|
008 071024s1955 sp ||||1| spa d
100 1 _aValverde, José María,
_d1926-1996
_9113013
245 1 0 _aGuillermo de Humboldt y la filosofía del lenguaje /
_cJosé María Valverde.
260 _aMadrid :
_bGredos,
_c1955.
300 _a155 p. ;
_c20 cm.
490 1 _aBiblioteca románica hispánica
600 1 4 _aHumboldt, Wilhelm von.
_964716
830 0 _aBiblioteca románica hispánica
_9180746
852 _aES-MaACL
_jC-9639
_bR.37543
999 _c149817
_d149817